[Event "9. Forchheimer Sparkassen Open 2010"]
[Site "Forchheim"]
[Date "2010.10.03"]
[Round "4.2"]
[White "Krauss, Andreas"]
[Black "Dyroff, Roland"]
[Result "1-0"]
[WhiteElo "1897"]
[BlackElo "1773"]
[PlyCount "39"]
[EventDate "2010.??.??"]
[WhiteTeam "SV Deggendorf"]
[BlackTeam "SW Nürnberg Süd e.V."]

1. e4 {[%emt 0:00:00]} c5 {[%emt 0:00:03]} 2. c4 {[%emt 0:00:08]} g6 {
[%emt 0:00:01]} 3. Ne2 {[%emt 0:00:02]} Nc6 {[%emt 0:00:02]} 4. d4 {
[%emt 0:00:02]} cxd4 {[%emt 0:00:02]} 5. Nxd4 {[%emt 0:00:02]} Qa5+ {
[%emt 0:00:01]} 6. Nc3 {[%emt 0:00:02]} Bg7 {[%emt 0:00:02]} 7. Be3 {
[%emt 0:00:03]} Nf6 {[%emt 0:00:02]} 8. f3 {[%emt 0:00:04]} d6 {[%emt 0:00:13]}
9. Qd2 {[%emt 0:00:50]} O-O {[%emt 0:00:37]} 10. Be2 {[%emt 0:00:03]} Nd7 {
[%emt 0:00:01]} 11. O-O {[%emt 0:00:03]} Nc5 {[%emt 0:00:03]} 12. Rac1 {
[%emt 0:00:04]} Ne6 {[%emt 0:00:01]} 13. Nxe6 {[%emt 0:00:03]} Bxe6 {
[%emt 0:00:02]} 14. b3 {[%emt 0:00:21]} Rac8 {[%emt 0:00:02]} 15. Rfd1 {
[%emt 0:00:02]} Qe5 {[%emt 0:00:02]} 16. Bf1 {[%emt 0:00:03]} f5 {
[%emt 0:00:02]} 17. exf5 {[%emt 0:00:02]} Bxf5 {[%emt 0:00:02]} 18. Re1 {
[%emt 0:00:02]} Qa5 {[%emt 0:00:02]} 19. Nd5 {[%emt 0:00:02]} Be6 {
[%emt 0:00:06]} 20. Nxe7+ {[%emt 0:00:00]} 1-0

[Event "9. Forchheimer Sparkassen Open 2010"]
[Site "Forchheim"]
[Date "2010.10.03"]
[Round "4.3"]
[White "Pühn, Georg"]
[Black "Wabra, Robert"]
[Result "0-1"]
[WhiteElo "1961"]
[BlackElo "1685"]
[PlyCount "149"]
[EventDate "2010.??.??"]
[WhiteTeam "SC Noris-Tarrasch Nürnberg 1873"]
[BlackTeam "Thüringer SV Triebes"]

1. e4 {[%emt 0:00:00]} c5 {[%emt 0:00:01]} 2. Nf3 {[%emt 0:00:03]} Nc6 {
[%emt 0:00:02]} 3. Bb5 {[%emt 0:00:04]} g6 {[%emt 0:00:01]} 4. O-O {
[%emt 0:00:02]} Bg7 {[%emt 0:00:02]} 5. Re1 {[%emt 0:00:02]} e6 {[%emt 0:00:03]
} 6. c3 {[%emt 0:00:02]} Nge7 {[%emt 0:00:02]} 7. d4 {[%emt 0:00:02]} Qb6 {
[%emt 0:00:02]} 8. Na3 {[%emt 0:00:03]} O-O {[%emt 0:00:03]} 9. dxc5 {
[%emt 0:00:07]} Qxc5 {[%emt 0:00:01]} 10. Be3 {[%emt 0:00:01]} Qh5 {
[%emt 0:00:03]} 11. Be2 {[%emt 0:00:07]} Qa5 {[%emt 0:00:02]} 12. Nc4 {
[%emt 0:00:02]} Qc7 {[%emt 0:00:02]} 13. Nd6 {[%emt 0:00:03]} a6 {
[%emt 0:00:03]} 14. Qd2 {[%emt 0:00:02]} Nd4 {[%emt 0:00:03]} 15. cxd4 {
[%emt 0:00:03]} Qxd6 {[%emt 0:00:02]} 16. Bh6 {[%emt 0:00:03]} Nc6 {
[%emt 0:00:02]} 17. Bxg7 {[%emt 0:00:02]} Kxg7 {[%emt 0:00:01]} 18. e5 {
[%emt 0:00:03]} Qb4 {[%emt 0:00:02]} 19. Qf4 {[%emt 0:00:04]} Qxb2 {
[%emt 0:00:01]} 20. Qf6+ {[%emt 0:00:02]} Kg8 {[%emt 0:00:01]} 21. h4 {
[%emt 0:00:03]} Nxd4 {[%emt 0:00:02]} 22. Nxd4 {[%emt 0:00:00]} Qxd4 {
[%emt 0:00:01]} 23. Rad1 {[%emt 0:00:02]} Qb6 {[%emt 0:00:02]} 24. h5 {
[%emt 0:00:02]} Qd8 {[%emt 0:00:01]} 25. Qf3 {[%emt 0:00:03]} Qg5 {
[%emt 0:00:01]} 26. Qc3 {[%emt 0:00:05]} f6 {[%emt 0:00:00]} 27. hxg6 {
[%emt 0:00:04]} hxg6 {[%emt 0:00:01]} 28. Bf3 {[%emt 0:00:03]} fxe5 {
[%emt 0:00:31]} 29. Re4 {[%emt 0:00:01]} d5 {[%emt 0:00:04]} 30. Qxe5 {
[%emt 0:00:05]} Qxe5 {[%emt 0:00:01]} 31. Rxe5 {[%emt 0:00:01]} Rf6 {
[%emt 0:00:02]} 32. Rc1 {[%emt 0:00:02]} Bd7 {[%emt 0:00:02]} 33. Rc7 {
[%emt 0:00:03]} Bc6 {[%emt 0:00:01]} 34. Be2 {[%emt 0:00:03]} a5 {
[%emt 0:00:02]} 35. Bd3 {[%emt 0:00:02]} Raf8 {[%emt 0:00:00]} 36. Rg5 {
[%emt 0:00:03]} R8f7 {[%emt 0:00:05]} 37. Rc8+ {[%emt 0:00:02]} Kg7 {
[%emt 0:00:02]} 38. f3 {[%emt 0:00:02]} Re7 {[%emt 0:00:02]} 39. Rg4 {
[%emt 0:00:03]} e5 {[%emt 0:00:01]} 40. Ra8 {[%emt 0:00:04]} e4 {[%emt 0:00:02]
} 41. fxe4 {[%emt 0:00:20]} dxe4 {[%emt 0:00:01]} 42. Bc4 {[%emt 0:00:02]} Be8
{[%emt 0:00:02]} 43. Rxa5 {[%emt 0:00:03]} e3 {[%emt 0:00:02]} 44. Ra7 {
[%emt 0:00:02]} e2 {[%emt 0:00:03]} 45. Bxe2 {[%emt 0:00:01]} Rxe2 {
[%emt 0:00:02]} 46. Rxb7+ {[%emt 0:00:03]} Rf7 {[%emt 0:00:03]} 47. Rb8 {
[%emt 0:00:02]} Bd7 {[%emt 0:00:02]} 48. Rh4 {[%emt 0:00:03]} Rxa2 {
[%emt 0:00:02]} 49. Rbh8 {[%emt 0:00:04]} Ra1+ {[%emt 0:00:02]} 50. Kh2 {
[%emt 0:00:02]} Ra4 {[%emt 0:00:02]} 51. R4h7+ {[%emt 0:00:00]} Kf6 {
[%emt 0:00:03]} 52. Rh6 {[%emt 0:00:02]} Bf5 {[%emt 0:00:06]} 53. Rb8 {
[%emt 0:00:03]} Kg5 {[%emt 0:00:03]} 54. Rhh8 {[%emt 0:00:03]} Re7 {
[%emt 0:00:02]} 55. Rb3 {[%emt 0:00:03]} Re2 {[%emt 0:00:02]} 56. Rg3+ {
[%emt 0:00:02]} Kf6 {[%emt 0:00:02]} 57. Rf8+ {[%emt 0:00:02]} Ke7 {
[%emt 0:00:02]} 58. Rb8 {[%emt 0:00:02]} Raa2 {[%emt 0:00:02]} 59. Rb5 {
[%emt 0:00:02]} Ra4 {[%emt 0:00:02]} 60. Rbb3 {[%emt 0:00:07]} Rh4+ {
[%emt 0:00:03]} 61. Kg1 {[%emt 0:00:08]} Kf6 {[%emt 0:00:02]} 62. Rb6+ {
[%emt 0:00:02]} Re6 {[%emt 0:00:03]} 63. Rxe6+ {[%emt 0:00:02]} Bxe6 {
[%emt 0:00:01]} 64. Kf2 {[%emt 0:00:02]} Rg4 {[%emt 0:00:01]} 65. Ra3 {
[%emt 0:00:02]} Rb4 {[%emt 0:00:02]} 66. Ra5 {[%emt 0:00:10]} Rb3 {
[%emt 0:00:00]} 67. Rc5 {[%emt 0:00:03]} g5 {[%emt 0:00:01]} 68. Ra5 {
[%emt 0:00:03]} g4 {[%emt 0:00:02]} 69. Ra4 {[%emt 0:00:02]} Kg5 {
[%emt 0:00:03]} 70. Ra5+ {[%emt 0:00:02]} Bf5 {[%emt 0:00:01]} 71. g3 {
[%emt 0:00:04]} Rb2+ {[%emt 0:00:01]} 72. Kf1 {[%emt 0:00:02]} Kf6 {
[%emt 0:00:02]} 73. Kg1 {[%emt 0:00:03]} Be4 {[%emt 0:00:01]} 74. Ra3 {
[%emt 0:00:02]} Bf3 {[%emt 0:00:02]} 75. Ra6+ {[%emt 0:00:02]} 0-1

[Event "9. Forchheimer Sparkassen Open 2010"]
[Site "Forchheim"]
[Date "2010.10.03"]
[Round "4.4"]
[White "Götzel, Alfred"]
[Black "Winter, Jonathan"]
[Result "1-0"]
[WhiteElo "1952"]
[BlackElo "1895"]
[PlyCount "41"]
[EventDate "2010.??.??"]
[WhiteTeam "SC Höchstadt/Aisch"]
[BlackTeam "SV Haunwöhr SAbt"]

1. e4 {[%emt 0:00:00]} d6 {[%emt 0:00:01]} 2. d4 {[%emt 0:00:02]} Nf6 {
[%emt 0:00:35]} 3. Nc3 {[%emt 0:00:02]} e5 {[%emt 0:00:01]} 4. Nf3 {
[%emt 0:00:04]} exd4 {[%emt 0:00:02]} 5. Qxd4 {[%emt 0:00:02]} Be7 {
[%emt 0:00:02]} 6. Bg5 {[%emt 0:00:02]} O-O {[%emt 0:00:02]} 7. O-O-O {
[%emt 0:00:02]} Nc6 {[%emt 0:00:02]} 8. Qd2 {[%emt 0:00:20]} Bg4 {
[%emt 0:00:01]} 9. h3 {[%emt 0:00:02]} Bh5 {[%emt 0:00:01]} 10. g4 {
[%emt 0:00:02]} Bg6 {[%emt 0:00:01]} 11. Bd3 {[%emt 0:00:03]} Nd7 {
[%emt 0:00:06]} 12. h4 {[%emt 0:00:03]} h5 {[%emt 0:00:02]} 13. Rdg1 {
[%emt 0:00:03]} Nde5 {[%emt 0:00:04]} 14. Nxe5 {[%emt 0:00:03]} Nxe5 {
[%emt 0:00:01]} 15. Be2 {[%emt 0:00:02]} Nxg4 {[%emt 0:00:02]} 16. Bxg4 {
[%emt 0:00:02]} hxg4 {[%emt 0:00:06]} 17. Rxg4 {[%emt 0:00:01]} Bh5 {
[%emt 0:00:02]} 18. Bxe7 {[%emt 0:00:02]} Qxe7 {[%emt 0:00:02]} 19. Rg5 {
[%emt 0:00:03]} Qf6 {[%emt 0:00:02]} 20. Rhg1 {[%emt 0:00:12]} Bg6 {
[%emt 0:00:01]} 21. h5 {[%emt 0:00:03]} 1-0

[Event "9. Forchheimer Sparkassen Open 2010"]
[Site "Forchheim"]
[Date "2010.10.03"]
[Round "4.5"]
[White "Niebler, Paul"]
[Black "Schreck, Michael"]
[Result "1-0"]
[WhiteElo "1880"]
[BlackElo "1837"]
[PlyCount "97"]
[EventDate "2010.??.??"]
[WhiteTeam "SV Haunwöhr SAbt"]
[BlackTeam "TV Faulbach e.V. 1920"]

1. d4 {[%emt 0:00:00]} Nf6 {[%emt 0:00:01]} 2. Nf3 {[%emt 0:00:02]} e6 {
[%emt 0:00:01]} 3. Nbd2 {[%emt 0:00:02]} b6 {[%emt 0:00:02]} 4. e4 {
[%emt 0:00:02]} Bb7 {[%emt 0:00:02]} 5. Bd3 {[%emt 0:00:02]} Be7 {
[%emt 0:00:02]} 6. O-O {[%emt 0:00:02]} O-O {[%emt 0:00:01]} 7. Qe2 {
[%emt 0:00:02]} c5 {[%emt 0:00:01]} 8. e5 {[%emt 0:00:03]} Ne8 {[%emt 0:00:14]}
9. c3 {[%emt 0:00:04]} d5 {[%emt 0:00:01]} 10. exd6 {[%emt 0:00:02]} Bxd6 {
[%emt 0:00:04]} 11. Ne4 {[%emt 0:00:02]} Nd7 {[%emt 0:00:02]} 12. Nfg5 {
[%emt 0:00:25]} Ndf6 {[%emt 0:00:03]} 13. dxc5 {[%emt 0:00:03]} Nxe4 {
[%emt 0:00:03]} 14. Nxe4 {[%emt 0:00:02]} bxc5 {[%emt 0:00:02]} 15. Rd1 {
[%emt 0:00:02]} Qc7 {[%emt 0:00:03]} 16. Nxd6 {[%emt 0:00:03]} Nxd6 {
[%emt 0:00:01]} 17. Bf4 {[%emt 0:00:04]} Qc6 {[%emt 0:00:02]} 18. f3 {
[%emt 0:00:00]} Rfd8 {[%emt 0:00:05]} 19. Qe5 {[%emt 0:00:03]} Ne8 {
[%emt 0:00:03]} 20. Rd2 {[%emt 0:00:02]} Rd5 {[%emt 0:00:02]} 21. Qe1 {
[%emt 0:00:03]} Rad8 {[%emt 0:00:02]} 22. Rad1 {[%emt 0:00:03]} c4 {
[%emt 0:00:02]} 23. Bc2 {[%emt 0:00:02]} Rxd2 {[%emt 0:00:03]} 24. Rxd2 {
[%emt 0:00:01]} Rxd2 {[%emt 0:00:01]} 25. Qxd2 {[%emt 0:00:01]} Qd5 {
[%emt 0:00:02]} 26. Qxd5 {[%emt 0:00:02]} exd5 {[%emt 0:00:02]} 27. Kf2 {
[%emt 0:00:02]} Kf8 {[%emt 0:00:02]} 28. Be3 {[%emt 0:00:02]} a6 {
[%emt 0:00:01]} 29. Bc5+ {[%emt 0:00:02]} Kg8 {[%emt 0:00:01]} 30. Ke3 {
[%emt 0:00:02]} f6 {[%emt 0:00:01]} 31. f4 {[%emt 0:00:01]} g6 {[%emt 0:00:01]}
32. Bd1 {[%emt 0:00:02]} Kf7 {[%emt 0:00:02]} 33. Bf3 {[%emt 0:00:02]} Nc7 {
[%emt 0:00:03]} 34. g3 {[%emt 0:00:00]} Ke6 {[%emt 0:00:00]} 35. Bd1 {
[%emt 0:00:10]} Bc6 {[%emt 0:00:04]} 36. h4 {[%emt 0:00:02]} h5 {[%emt 0:00:02]
} 37. g4 {[%emt 0:00:01]} Be8 {[%emt 0:00:02]} 38. gxh5 {[%emt 0:00:00]} gxh5 {
[%emt 0:00:01]} 39. Bc2 {[%emt 0:00:03]} f5 {[%emt 0:00:02]} 40. Bd4 {
[%emt 0:00:02]} Bd7 {[%emt 0:00:02]} 41. Bd1 {[%emt 0:00:02]} Be8 {
[%emt 0:00:03]} 42. Be5 {[%emt 0:00:03]} Nb5 {[%emt 0:00:02]} 43. Bf3 {
[%emt 0:00:02]} Nd6 {[%emt 0:00:03]} 44. Bxd6 {[%emt 0:00:01]} Kxd6 {
[%emt 0:00:04]} 45. Kd4 {[%emt 0:00:01]} Bf7 {[%emt 0:00:01]} 46. a3 {
[%emt 0:00:02]} a5 {[%emt 0:00:01]} 47. a4 {[%emt 0:00:02]} Be8 {[%emt 0:00:01]
} 48. Bxd5 {[%emt 0:00:02]} Bxa4 {[%emt 0:00:02]} 49. Bf3 {[%emt 0:00:03]} 1-0

[Event "9. Forchheimer Sparkassen Open 2010"]
[Site "Forchheim"]
[Date "2010.10.03"]
[Round "4.6"]
[White "Schulz, Lukas"]
[Black "Pikal, Alexander"]
[Result "0-1"]
[WhiteElo "1612"]
[BlackElo "1876"]
[PlyCount "118"]
[EventDate "2010.??.??"]
[WhiteTeam "SC Höchstadt/Aisch"]
[BlackTeam "SC Ansbach 1855 e.V."]

1. e4 {[%emt 0:00:00]} d6 {[%emt 0:00:12]} 2. d4 {[%emt 0:00:02]} g6 {
[%emt 0:00:01]} 3. c4 {[%emt 0:00:01]} Bg7 {[%emt 0:00:01]} 4. Nc3 {
[%emt 0:00:02]} Nc6 {[%emt 0:00:02]} 5. Be3 {[%emt 0:00:02]} e5 {[%emt 0:00:01]
} 6. d5 {[%emt 0:00:02]} Nb8 {[%emt 0:00:01]} 7. Bd3 {[%emt 0:00:03]} Ne7 {
[%emt 0:00:02]} 8. g4 {[%emt 0:00:02]} Nd7 {[%emt 0:00:02]} 9. Nge2 {
[%emt 0:00:02]} Nc5 {[%emt 0:00:02]} 10. Bxc5 {[%emt 0:00:03]} dxc5 {
[%emt 0:00:01]} 11. Ng3 {[%emt 0:00:03]} Qd7 {[%emt 0:00:02]} 12. h3 {
[%emt 0:00:00]} O-O {[%emt 0:00:06]} 13. Qc2 {[%emt 0:00:02]} Bh6 {
[%emt 0:00:01]} 14. f3 {[%emt 0:00:02]} Bf4 {[%emt 0:00:02]} 15. Qg2 {
[%emt 0:00:03]} a6 {[%emt 0:00:03]} 16. h4 {[%emt 0:00:02]} Qd6 {[%emt 0:00:02]
} 17. h5 {[%emt 0:00:03]} Bxg3+ {[%emt 0:00:07]} 18. Qxg3 {[%emt 0:00:01]} g5 {
[%emt 0:00:01]} 19. h6 {[%emt 0:00:03]} Ng6 {[%emt 0:00:01]} 20. Ne2 {
[%emt 0:00:03]} Nh4 {[%emt 0:00:15]} 21. Rxh4 {[%emt 0:00:00]} gxh4 {
[%emt 0:00:01]} 22. Qxh4 {[%emt 0:00:01]} Kh8 {[%emt 0:00:03]} 23. O-O-O {
[%emt 0:00:02]} Rg8 {[%emt 0:00:07]} 24. Qh5 {[%emt 0:00:04]} Qf6 {
[%emt 0:00:02]} 25. Rg1 {[%emt 0:00:03]} Qg5+ {[%emt 0:00:02]} 26. Qxg5 {
[%emt 0:00:02]} Rxg5 {[%emt 0:00:01]} 27. Rh1 {[%emt 0:00:02]} Bd7 {
[%emt 0:00:02]} 28. Nc3 {[%emt 0:00:03]} Rg6 {[%emt 0:00:02]} 29. Rh5 {
[%emt 0:00:02]} Re8 {[%emt 0:00:02]} 30. Kc2 {[%emt 0:00:06]} Kg8 {
[%emt 0:00:03]} 31. a4 {[%emt 0:01:42]} b6 {[%emt 0:00:02]} 32. b3 {
[%emt 0:00:02]} Kf8 {[%emt 0:00:06]} 33. Be2 {[%emt 0:00:03]} f6 {
[%emt 0:00:01]} 34. Kd2 {[%emt 0:00:02]} Ke7 {[%emt 0:00:02]} 35. Nd1 {
[%emt 0:00:02]} Rb8 {[%emt 0:00:02]} 36. Nc3 {[%emt 0:00:02]} Kd6 {
[%emt 0:00:02]} 37. Ke3 {[%emt 0:00:02]} Be8 {[%emt 0:00:01]} 38. Rh1 {
[%emt 0:00:02]} Rd8 {[%emt 0:00:04]} 39. Bd3 {[%emt 0:00:03]} Bf7 {
[%emt 0:00:01]} 40. Rh2 {[%emt 0:00:06]} Ke7 {[%emt 0:00:01]} 41. Rh1 {
[%emt 0:00:07]} Rd6 {[%emt 0:00:02]} 42. Rh2 {[%emt 0:00:02]} f5 {
[%emt 0:00:02]} 43. exf5 {[%emt 0:00:02]} Rxh6 {[%emt 0:00:02]} 44. Rxh6 {
[%emt 0:00:03]} Rxh6 {[%emt 0:00:01]} 45. Ne4 {[%emt 0:00:02]} Rh2 {
[%emt 0:00:11]} 46. Ng5 {[%emt 0:00:02]} h6 {[%emt 0:00:02]} 47. Ne4 {
[%emt 0:00:02]} Rb2 {[%emt 0:00:02]} 48. f6+ {[%emt 0:00:03]} Kf8 {
[%emt 0:00:02]} 49. Nd2 {[%emt 0:00:02]} Be8 {[%emt 0:00:02]} 50. Ke2 {
[%emt 0:00:02]} Kf7 {[%emt 0:00:00]} 51. Kd1 {[%emt 0:00:05]} Kxf6 {
[%emt 0:00:02]} 52. Kc1 {[%emt 0:00:03]} Ra2 {[%emt 0:00:05]} 53. Bb1 {
[%emt 0:00:01]} Ra1 {[%emt 0:00:03]} 54. Ne4+ {[%emt 0:00:04]} Kg7 {
[%emt 0:00:02]} 55. Kb2 {[%emt 0:00:03]} Rxb1+ {[%emt 0:00:01]} 56. Kxb1 {
[%emt 0:00:01]} Bg6 {[%emt 0:00:02]} 57. Kc2 {[%emt 0:00:02]} Bxe4+ {
[%emt 0:00:02]} 58. fxe4 {[%emt 0:02:01]} Kg6 {[%emt 0:00:08]} 59. Kc3 {
[%emt 0:00:08]} a5 {[%emt 0:00:02]} 0-1

[Event "9. Forchheimer Sparkassen Open 2010"]
[Site "Forchheim"]
[Date "2010.10.03"]
[Round "4.7"]
[White "Koch, Christian"]
[Black "Killmann, Martin"]
[Result "0-1"]
[WhiteElo "1500"]
[BlackElo "1766"]
[PlyCount "78"]
[EventDate "2010.??.??"]
[WhiteTeam "SC Höchstadt/Aisch"]
[BlackTeam "SC Forchheim e.V."]

1. d4 {[%emt 0:00:00]} d5 {[%emt 0:00:01]} 2. g4 {[%emt 0:00:01]} Bxg4 {
[%emt 0:00:11]} 3. f3 {[%emt 0:00:01]} Bf5 {[%emt 0:00:01]} 4. Be3 {
[%emt 0:00:02]} e6 {[%emt 0:00:01]} 5. Nd2 {[%emt 0:00:02]} c5 {[%emt 0:00:01]}
6. c3 {[%emt 0:00:01]} cxd4 {[%emt 0:00:01]} 7. cxd4 {[%emt 0:00:01]} Nc6 {
[%emt 0:00:02]} 8. a3 {[%emt 0:00:01]} Be7 {[%emt 0:00:02]} 9. Qb3 {
[%emt 0:00:02]} Bh4+ {[%emt 0:00:02]} 10. Kd1 {[%emt 0:00:02]} Qd7 {
[%emt 0:00:01]} 11. f4 {[%emt 0:00:02]} Be7 {[%emt 0:00:02]} 12. Rc1 {
[%emt 0:00:02]} Nf6 {[%emt 0:00:02]} 13. Ngf3 {[%emt 0:00:01]} O-O {
[%emt 0:00:02]} 14. Ke1 {[%emt 0:00:02]} Rac8 {[%emt 0:00:01]} 15. Qd1 {
[%emt 0:00:03]} Ne4 {[%emt 0:00:02]} 16. Nxe4 {[%emt 0:00:02]} Bxe4 {
[%emt 0:00:01]} 17. Bg2 {[%emt 0:00:02]} Bf6 {[%emt 0:00:02]} 18. Bf2 {
[%emt 0:00:02]} Na5 {[%emt 0:00:02]} 19. Bg3 {[%emt 0:00:02]} Rxc1 {
[%emt 0:00:02]} 20. Qxc1 {[%emt 0:00:01]} Nb3 {[%emt 0:00:01]} 21. Qd1 {
[%emt 0:00:02]} Nxd4 {[%emt 0:00:03]} 22. Nxd4 {[%emt 0:00:03]} Bxg2 {
[%emt 0:00:01]} 23. Rg1 {[%emt 0:00:02]} Be4 {[%emt 0:00:02]} 24. e3 {
[%emt 0:00:02]} Rc8 {[%emt 0:00:01]} 25. Kf2 {[%emt 0:00:02]} Rc4 {
[%emt 0:00:02]} 26. h3 {[%emt 0:00:02]} Qd8 {[%emt 0:00:02]} 27. Qg4 {
[%emt 0:00:03]} Qb6 {[%emt 0:00:02]} 28. Ne2 {[%emt 0:00:03]} Bf5 {
[%emt 0:00:02]} 29. Qf3 {[%emt 0:00:02]} Qxb2 {[%emt 0:00:01]} 30. Rd1 {
[%emt 0:00:02]} Rc2 {[%emt 0:00:01]} 31. Re1 {[%emt 0:00:01]} Bd3 {
[%emt 0:00:03]} 32. f5 {[%emt 0:00:02]} Rxe2+ {[%emt 0:00:02]} 33. Rxe2 {
[%emt 0:00:02]} Qxe2+ {[%emt 0:00:01]} 34. Qxe2 {[%emt 0:00:01]} Bxe2 {
[%emt 0:00:02]} 35. Kxe2 {[%emt 0:00:01]} exf5 {[%emt 0:00:01]} 36. Kf3 {
[%emt 0:00:03]} Bb2 {[%emt 0:00:01]} 37. Bd6 {[%emt 0:00:02]} f6 {
[%emt 0:00:02]} 38. Kf4 {[%emt 0:00:02]} g6 {[%emt 0:00:02]} 39. a4 {
[%emt 0:00:02]} Kf7 {[%emt 0:00:02]} 0-1

[Event "9. Forchheimer Sparkassen Open 2010"]
[Site "Forchheim"]
[Date "2010.10.03"]
[Round "4.8"]
[White "Adelhütte, Dennis"]
[Black "Haimerl, Willibald"]
[Result "1-0"]
[WhiteElo "1942"]
[BlackElo "1597"]
[PlyCount "119"]
[EventDate "2010.??.??"]
[WhiteTeam "SC Erlangen 48/88"]
[BlackTeam "SV Deggendorf"]

1. e4 {[%emt 0:00:00]} c5 {[%emt 0:00:01]} 2. c3 {[%emt 0:00:00]} Nf6 {
[%emt 0:00:01]} 3. e5 {[%emt 0:00:02]} Nd5 {[%emt 0:00:02]} 4. d4 {
[%emt 0:00:01]} cxd4 {[%emt 0:00:01]} 5. cxd4 {[%emt 0:00:01]} e6 {
[%emt 0:00:01]} 6. Nc3 {[%emt 0:00:02]} Bb4 {[%emt 0:00:02]} 7. Bd2 {
[%emt 0:00:02]} Qa5 {[%emt 0:00:02]} 8. Nxd5 {[%emt 0:00:02]} Bxd2+ {
[%emt 0:00:02]} 9. Qxd2 {[%emt 0:00:01]} Qxd5 {[%emt 0:00:02]} 10. Nf3 {
[%emt 0:00:02]} Nc6 {[%emt 0:00:02]} 11. Be2 {[%emt 0:00:03]} O-O {
[%emt 0:00:02]} 12. O-O {[%emt 0:00:03]} f6 {[%emt 0:00:01]} 13. Qc3 {
[%emt 0:00:03]} fxe5 {[%emt 0:00:02]} 14. dxe5 {[%emt 0:00:02]} Ne7 {
[%emt 0:00:02]} 15. Rfd1 {[%emt 0:00:02]} Qc6 {[%emt 0:00:02]} 16. Qb3 {
[%emt 0:00:02]} Qc7 {[%emt 0:00:02]} 17. Bd3 {[%emt 0:00:02]} Nf5 {
[%emt 0:00:02]} 18. Rac1 {[%emt 0:00:02]} Qa5 {[%emt 0:00:02]} 19. Bxf5 {
[%emt 0:00:04]} Rxf5 {[%emt 0:00:06]} 20. Rd6 {[%emt 0:00:02]} h6 {
[%emt 0:00:02]} 21. a3 {[%emt 0:00:04]} b5 {[%emt 0:00:01]} 22. Qe3 {
[%emt 0:00:02]} Rf7 {[%emt 0:00:51]} 23. b4 {[%emt 0:00:02]} Qd8 {
[%emt 0:00:02]} 24. Nd4 {[%emt 0:00:02]} Qh4 {[%emt 0:00:02]} 25. Nxb5 {
[%emt 0:00:02]} Bb7 {[%emt 0:00:02]} 26. Rd4 {[%emt 0:00:02]} Qh5 {
[%emt 0:00:03]} 27. Nd6 {[%emt 0:00:02]} Bd5 {[%emt 0:00:02]} 28. Nxf7 {
[%emt 0:00:01]} Qxf7 {[%emt 0:00:02]} 29. Qf4 {[%emt 0:00:02]} Qe7 {
[%emt 0:00:01]} 30. Qh4 {[%emt 0:00:02]} Qe8 {[%emt 0:00:02]} 31. Rd3 {
[%emt 0:00:02]} a5 {[%emt 0:00:02]} 32. Rg3 {[%emt 0:00:02]} Kh7 {
[%emt 0:00:02]} 33. bxa5 {[%emt 0:00:02]} Rxa5 {[%emt 0:00:02]} 34. Qb4 {
[%emt 0:00:03]} Ra8 {[%emt 0:00:02]} 35. h3 {[%emt 0:00:02]} Rb8 {
[%emt 0:00:02]} 36. Qd4 {[%emt 0:00:02]} Qf8 {[%emt 0:00:02]} 37. Qd3+ {
[%emt 0:00:03]} Kh8 {[%emt 0:00:02]} 38. Qg6 {[%emt 0:00:02]} Bc6 {
[%emt 0:00:02]} 39. Rb1 {[%emt 0:00:02]} Rxb1+ {[%emt 0:00:03]} 40. Qxb1 {
[%emt 0:00:02]} Kg8 {[%emt 0:00:16]} 41. Rb3 {[%emt 0:00:09]} Kf7 {
[%emt 0:00:02]} 42. a4 {[%emt 0:00:02]} Qc5 {[%emt 0:00:04]} 43. Qa1 {
[%emt 0:00:02]} Qa5 {[%emt 0:00:06]} 44. Ra3 {[%emt 0:00:03]} Qa8 {
[%emt 0:00:02]} 45. Qd4 {[%emt 0:00:05]} Qa5 {[%emt 0:00:04]} 46. Qf4+ {
[%emt 0:00:02]} Ke7 {[%emt 0:00:02]} 47. Rg3 {[%emt 0:00:03]} Kd8 {
[%emt 0:00:02]} 48. Qf8+ {[%emt 0:00:04]} Kc7 {[%emt 0:00:02]} 49. Qd6+ {
[%emt 0:00:02]} Kc8 {[%emt 0:00:01]} 50. Rb3 {[%emt 0:00:03]} Qa8 {
[%emt 0:00:13]} 51. Qf8+ {[%emt 0:00:02]} Kc7 {[%emt 0:00:03]} 52. Qxa8 {
[%emt 0:00:02]} Bxa8 {[%emt 0:00:01]} 53. Rc3+ {[%emt 0:00:03]} Kb6 {
[%emt 0:00:05]} 54. Rg3 {[%emt 0:00:02]} g5 {[%emt 0:00:01]} 55. h4 {
[%emt 0:00:02]} gxh4 {[%emt 0:00:01]} 56. Rh3 {[%emt 0:00:02]} Bc6 {
[%emt 0:00:02]} 57. Rxh4 {[%emt 0:00:02]} Ka5 {[%emt 0:00:01]} 58. Rxh6 {
[%emt 0:00:02]} Bxa4 {[%emt 0:00:02]} 59. g4 {[%emt 0:00:02]} Bc2 {
[%emt 0:00:02]} 60. g5 {[%emt 0:00:02]} 1-0

[Event "9. Forchheimer Sparkassen Open 2010"]
[Site "Forchheim"]
[Date "2010.10.03"]
[Round "4.9"]
[White "Thürauf, Peter"]
[Black "Moskowicz, Daniel"]
[Result "1-0"]
[WhiteElo "1920"]
[BlackElo "1562"]
[PlyCount "41"]
[EventDate "2010.??.??"]
[WhiteTeam "SW Nürnberg Süd e.V."]
[BlackTeam "SC Forchheim e.V."]

1. Nf3 {[%emt 0:00:00]} Nf6 {[%emt 0:00:01]} 2. d4 {[%emt 0:00:01]} d5 {
[%emt 0:00:02]} 3. c4 {[%emt 0:00:02]} c6 {[%emt 0:00:01]} 4. Nc3 {
[%emt 0:00:02]} Bf5 {[%emt 0:00:01]} 5. cxd5 {[%emt 0:00:02]} cxd5 {
[%emt 0:00:01]} 6. Qb3 {[%emt 0:00:01]} b6 {[%emt 0:00:02]} 7. Bg5 {
[%emt 0:00:02]} e6 {[%emt 0:00:02]} 8. e3 {[%emt 0:00:01]} a6 {[%emt 0:00:01]}
9. Qa4+ {[%emt 0:00:01]} Nbd7 {[%emt 0:00:02]} 10. Ne5 {[%emt 0:00:02]} b5 {
[%emt 0:00:02]} 11. Qb3 {[%emt 0:00:02]} Qc7 {[%emt 0:00:01]} 12. Bxf6 {
[%emt 0:00:02]} Nxf6 {[%emt 0:00:02]} 13. Nxb5 {[%emt 0:00:02]} axb5 {
[%emt 0:00:04]} 14. Bxb5+ {[%emt 0:00:02]} Kd8 {[%emt 0:00:02]} 15. Nc6+ {
[%emt 0:00:02]} Kc8 {[%emt 0:00:02]} 16. Rc1 {[%emt 0:00:02]} Kb7 {
[%emt 0:00:04]} 17. Na5+ {[%emt 0:00:10]} Qxa5+ {[%emt 0:00:03]} 18. Ke2 {
[%emt 0:00:05]} Ka7 {[%emt 0:00:10]} 19. Rc6 {[%emt 0:00:03]} Rb8 {
[%emt 0:00:04]} 20. Rc7+ {[%emt 0:00:02]} Ka8 {[%emt 0:00:00]} 21. Bc6+ {
[%emt 0:00:03]} 1-0